Indovina il videogioco dall'immagine-Mobile Edition - Statistics

Statistiche generali
  • Questo quiz è stato fatto 185 volte
  • Il punteggio medio è 10 su 12
Statistiche sulle risposte
con Immagini Risposta % Corretto
Among us
97%
Clash Royale
93%
Candy crush
92%
Angry Birds
90%
Clash of Clans
89%
Subway surfers
88%
Temple run
85%
Brawl Stars
77%
Hay Day
73%
Stumble guys
67%
Zombie Tsunami
67%
Cut the rope
41%
Nessun quiz corrispondente trovato
Distribuzione punteggi
Percentuale di utenti per punteggio
Percentile per numero di risposta
I tuoi punteggi nel tempo
Non hai fatto questo quiz